[Event "BCF-chT4 0506 (4NCL)"]
[Site "West Bromwich"]
[Date "2005.12.03"]
[Round "3.6"]
[White "May, Skott K"]
[Black "Somerfield, Adrian P"]
[Result "1-0"]
[WhiteElo "1990"]
[BlackElo "1835"]
[PlyCount "57"]
[EventDate "2005.11.05"]
[EventType "team"]
[EventRounds "11"]
[EventCountry "ENG"]
[SourceTitle "CBM 109 Extra"]
[Source "ChessBase"]
[SourceDate "2006.01.03"]
[SourceVersion "2"]
[SourceVersionDate "2006.01.03"]
[SourceQuality "1"]
[WhiteTeam "Cheddleton"]
[BlackTeam "Cambridge II"]
[WhiteTeamCountry "ENG"]
[BlackTeamCountry "ENG"]

1. d4 Nf6 2. Bf4 g6 3. Nf3 Bg7 4. h3 d6 5. c3 Nbd7 6. Nbd2 c5 7. e3 0-0 8. Qb3 cxd4 9. exd4 Nh5 10. Bh2 e5 11. dxe5 dxe5 12. 0-0-0 Qe7 13. Ne4 a5 14. Bb5 Nb6 15. a4 Be6 16. Qc2 Nc4 17. Rhe1 Rfd8 18. g4 Rxd1+ 19. Qxd1 Nf4 20. Bxf4 exf4 21. Qe2 Qc7 22. g5 Nd6 23. Nf6+ Bxf6 24. gxf6 Nxb5 25. Qxb5 h6 26. Ne5 Kh7 27. Nxf7 Qxf7 28. Rxe6 Qxe6 29. Qxb7+ 1-0